Lo femenino visible: manual para la producción de textos escolares no sexistas

Đã lưu trong:
Chi tiết về thư mục
Tác giả của công ty: Corporación de Promoción Universitaria (Tác giả)
Định dạng: Sách
Ngôn ngữ:Tiếng Tây Ban Nha
Được phát hành: Santiago Ministerio de Educación 2001
Phiên bản:3a. ed
Những chủ đề:
Các nhãn: Thêm thẻ
Không có thẻ, Là người đầu tiên thẻ bản ghi này!

MARC

LEADER 00000nam a2200000 a 4500
001 UCM0009
003 CL-VaPUC
008 020108e20010900CL |||||||||||||||||spa|d
082 0 4 |a 371.33  |b COR  |2 21 
110 2 |a Corporación de Promoción Universitaria  |e author  |9 466586 
245 1 3 |a Lo femenino visible: manual para la producción de textos escolares no sexistas 
250 |a 3a. ed 
300 |a 108 p 
942 |c BK 
945 |d 20020108 00:00:00  |a vberengu 
260 |a Santiago  |b Ministerio de Educación  |c 2001 
650 0 |a Textos escolares  |9 382843 
650 7 |a ELABORACION DE TEXTOS  |2 CL-VaPUC  |9 466587 
650 0 |a Sexismo en la educación   |9 466588 
583 |a last modification  |c 20020108 00:00:00  |k Rodrigo Vera 
999 |c 299076  |d 299074 
952 |0 0  |1 0  |4 0  |6 371_330000000000000_COR_2001  |7 0  |8 A  |9 355215  |a BIBEDU  |b BIBEDU  |d 2019-11-21  |i 3784592  |o 371.33 COR 2001  |p 3784592  |r 2019-11-21  |w 2019-11-21  |y BK  |k EPE